000 00456nam a2200157Ia 4500
008 220216s9999 xx 000 0 und d
100 _aLattimer Robert P
245 0 _aApplications of mass spectrometry to synthetic polymers (1985 reviews)
260 _bRubber Chemistry and Technology
_c1985
300 _a577-621
650 _a1985 reviews
650 _aMass spectrometry
700 _aHarris Robert E
700 _aSchulten Hans-Rolf
942 _cJS
999 _c54436
_d54436